Normal view MARC view
  • Tümerdem, İ. Hakkı

Entry Personal Name

Number of records used in: 1

001 - CONTROL NUMBER

  • control field: 151390

003 - CONTROL NUMBER IDENTIFIER

  • control field: TR-AnTOB

005 - DATE AND TIME OF LATEST TRANSACTION

  • control field: 20251230090509.0

008 - FIXED-LENGTH DATA ELEMENTS

  • fixed length control field: 860416n| acannaabn |a aaa c

010 ## - LIBRARY OF CONGRESS CONTROL NUMBER

  • LC control number: n 85039684

040 ## - CATALOGING SOURCE

  • Original cataloging agency: CLU
  • Language of cataloging: eng
  • Transcribing agency: DLC
  • Modifying agency: OCoLC
  • Description conventions: rda

100 1# - HEADING--PERSONAL NAME

  • Personal name: Tümerdem, İ. Hakkı

400 1# - SEE FROM TRACING--PERSONAL NAME

  • Personal name: Hakkı, İ.

400 0# - SEE FROM TRACING--PERSONAL NAME

  • Personal name: İ. Hakkı

400 1# - SEE FROM TRACING--PERSONAL NAME

  • Personal name: Tümerdem, Hakkı

400 1# - SEE FROM TRACING--PERSONAL NAME

  • Personal name: Tümerdem, H.
  • Fuller form of name: (Hakkı)

670 ## - SOURCE DATA FOUND

  • Source citation: His Türkiye İstaklâl Harbi Yunan cephesi operatif ve tabiye bakımından inceleme, 1941:
  • Information found: t.p. (İ. Hakkı Tümerdem; Yedek Subay Okulu harp tarihi öğretmeni)

670 ## - SOURCE DATA FOUND

  • Source citation: His Yunanlılarla İstiklâl Harbı tabiye ve sevkülceyş noktai nazarından tetkik, 1934:
  • Information found: cover (İ. Hakkı; harp tarihi muallimi)

670 ## - SOURCE DATA FOUND

  • Source citation: NUC pre-56
  • Information found: (hdg.: Tümerdem, Hakkı)

670 ## - SOURCE DATA FOUND

  • Source citation: Koray, E. Türkiye tarih yayınları bib., 1952:
  • Information found: index (Tümerdem, İ. Hakkı)

670 ## - SOURCE DATA FOUND

  • Source citation: Türk. bibl., 1928-1938:
  • Information found: v. 2, index (Tümerdem, Hakkı) p. 696 (Tümerdem, H.)

670 ## - SOURCE DATA FOUND

  • Source citation: Türk. bibl., 1939-1948:
  • Information found: index (Tümerdem, İ. Hakkı)

675 ## - SOURCE DATA NOT FOUND

  • Source citation: Büyük lûgat ve ansik.;
  • Source citation: Türk. ansik.
Devinim Yazılım Eğitim Danışmanlık tarafından Koha'nın orjinal sürümü uyarlanarak geliştirilip kurulmuştur.